Scribner economics

Bibliographic Details
Main Author: Miller, Roger Leroy
Format: Book
Published: New York : Scribner Educational Publ. , 1988
Subjects:

MARC

LEADER 00000cam a2200000 7i4500
001 0000003191
005 20021119.0
020 |a 0022555005 
040 |a INS 
090 0 0 |a HB171.5.   |b M6437 1988 
100 1 |a Miller, Roger Leroy 
245 1 0 |a Scribner economics   |c Roger Leroy Miller 
260 |a New York :   |b Scribner Educational Publ. ,   |c 1988 
300 |a xiv, 594p. ;   |c 26 cm. 
650 0 0 |a Economics 
999 |a 0000005065   |b BOOK   |c Open Shelf   |e Default branch